Most Common US Last Names Starting With F - Statistics

General Stats
  • This quiz has been taken 522 times
  • The average score is 9 of 24
Answer Stats
# name % Correct
65,918 Frank
85%
114,859 Franklin
66%
139,302 Fernandez
55%
178,397 Ford
55%
71,723 Francis
53%
221,040 Foster
52%
106,682 Fuller
49%
68,309 Farmer
47%
162,686 Freeman
46%
210,279 Fisher
41%
102,620 Fowler
38%
147,357 Fox
38%
61,747 Flynn
33%
63,149 French
32%
80,932 Fletcher
31%
312,615 Flores
30%
142,256 Ferguson
28%
103,242 Fields
26%
70,095 Fischer
25%
64,141 Floyd
23%
73,522 Fitzgerald
21%
88,325 Frazier
20%
87,949 Fleming
16%
72,533 Figueroa
8%
No matching quizzes found
Score Distribution
Percent of People with Each Score
Percentile by Number Answered
Your Score History
You have not taken this quiz